Hechos de Israel

में बचाया:
ग्रंथसूची विवरण
स्वरूप: पुस्तक
भाषा:स्पेनिश
प्रकाशित: Jerusalén Kates Press Enterprises 1977
विषय:
टैग: टैग जोड़ें
कोई टैग नहीं, इस रिकॉर्ड को टैग करने वाले पहले व्यक्ति बनें!

MARC

LEADER 00000nam a22000005a 4500
003 CL-ChBUA
005 20120815091525.0
008 081113s1977 is ||||| |||| 000 ||spa
040 |a CL-ChBUA  |c CL-ChBUA 
082 0 0 |a 956.94 
090 |c 23697  |d 23697 
245 1 0 |a Hechos de Israel 
260 |a Jerusalén  |b Kates Press Enterprises  |c 1977 
300 |a 224 p.  |c 20 cm. 
504 |a Il., índice 
650 4 |a ISRAEL - HISTORIA 
942 |c LIB 
952 |0 0  |1 0  |4 0  |7 0  |9 58084  |a UNACH  |b UNACH  |c 900  |d 2008-11-13  |i 5.049  |l 0  |o 956.94 / H 447  |p 59170  |r 2012-12-27 00:00:00  |u 58084  |w 2012-08-08  |y LIB  |k 956.94 / H 447 
999 |c 23697  |d 23697